000 00976nam a22001697a 4500
003 SGT
020 _a9788180549694
082 _a519.5,GUP
100 _aGUPTA,S.C
245 _aFUNDAMENTAL OF MATHEMATICAL STATISTICS
250 _a11TH
260 _aNEW DELHI
_bSULTAN CHAND & SONS
_c2015
300 _aV.P
650 _aMATHEMATICS
653 _aINTRODUCTION, DESCRIPTIVE MEASURES, THEORY OF PROBABILITY, RANDOM VARIABLES—DISTRIBUTION FUNCTION, MATHEMATICAL EXPECTATION, GENERATING FUNCTIONS AND LAW OF LARGE NUMBERS, SPECIAL DISCRETE PROBABILITY DISTRIBUTIONS, SPECIAL CONTINUOUS PROBABILITY DISTRIBUTIONS, CORRELATION, REGRESSION, ADDITIONAL TOPICS ON CORRELATION AND REGRESSION, THEORY OF ATTRIBUTES, LARGE SAMPLE THEORY, SAMPLING DISTRIBUTION EXACT (CHISQUARE DISTRIBUTION), EXACT SAMPLING DISTRIBUTIONS (T) F AND Z DISTRIBUTIONS), THEORY OF ESTIMATION, TESTING OF HYPOTHESIS, FINITE DIFFERENCE AND NUMERICAL ANALYSIS, SOME ADDITIONAL TOPICS,
942 _2ddc
_cFCM
_024
999 _c8929
_d8929